Southville International School and Colleges
Your cart is empty.
  • Cart
  • Lists
    Public lists Eva Luna New books Lux_list list_1
    Your lists Log in to create your own lists
  • Log in to your account
  • Your cookies
  • Search history
Southville International School and Colleges
  • Advanced search
  • Recent comments
  • Most popular
  • Libraries

Log in to your account

Log in with GOOGLE


If you do not have an external account, but do have a local account, you can still log in:

  1. Home
  2. MARC view: The Indian in the cupboard :
Normal view MARC view ISBD view

The Indian in the cupboard : (Record no. 104230)

[ view plain ]
MARC details
000 -LEADER
fixed length control field 00886nam a2200181 a 4500
005 - DATE AND TIME OF LATEST TRANSACTION
control field 20140412111316.0
008 - FIXED-LENGTH DATA ELEMENTS--GENERAL INFORMATION
fixed length control field 010309s19uu xx 00 eng d
020 ## - INTERNATIONAL STANDARD BOOK NUMBER
International Standard Book Number 0-590-50983-7
050 ## - LIBRARY OF CONGRESS CALL NUMBER
Classification number ER
Item number In1 1995
100 ## - MAIN ENTRY--PERSONAL NAME
Personal name Krulik, Nancy E.
245 ## - TITLE STATEMENT
Title The Indian in the cupboard :
Remainder of title Omri's scrapbook /
Statement of responsibility, etc adapted by Nancy E. Krulik.
260 ## - PUBLICATION, DISTRIBUTION, ETC. (IMPRINT)
Place of publication, distribution, etc New York :
Name of publisher, distributor, etc Paramount Picture/Scholastic Inc,
Date of publication, distribution, etc 1995.
300 ## - PHYSICAL DESCRIPTION
Extent 28 p. ; ill.
520 ## - SUMMARY, ETC.
Summary, etc My name is Omri, and this scrapbook tells all about the most amazing thing that's ever happened to me. For my birthday, my friend Patrick gave me a plastic Indian figure and my brother gave me an old cupboard. When I put the plastic figure into the cupboard, the figure came alive! When you see the pictures you won't believe it . . . I still can't!
650 ## - SUBJECT ADDED ENTRY--TOPICAL TERM
Topical term or geographic name as entry element Indian stories -- Fiction
650 ## - SUBJECT ADDED ENTRY--TOPICAL TERM
Topical term or geographic name as entry element Toys - Fiction
Holdings
Withdrawn status Lost status Damaged status Use restrictions Home library Current library Shelving location Date acquired Source of acquisition Total Checkouts Full call number Barcode Date last seen Price effective from Koha item type
        Elizalde Library Elizalde Library Easy Reading Section 03/09/2001     ER In1 1995 E7066 04/12/2014 04/12/2014 Books

The Indian in the cupboard :

APA

Krulik N. E., . (1995). The Indian in the cupboard. New York: Paramount Picture/Scholastic Inc.

Chicago

Krulik Nancy E, . 1995. The Indian in the cupboard. New York: Paramount Picture/Scholastic Inc.

Harvard

Krulik N. E., . (1995). The Indian in the cupboard. New York: Paramount Picture/Scholastic Inc.

MLA

Krulik Nancy E, . The Indian in the cupboard. New York: Paramount Picture/Scholastic Inc. 1995.

  • Place hold
  • Print
  • Cite
  • Add to your cart (remove)
  • Save record
    BIBTEX Dublin Core MARCXML MARC (non-Unicode/MARC-8) MARC (Unicode/UTF-8) MARC (Unicode/UTF-8, Standard) MODS (XML) RIS
  • More searches
    Search for this title in:
    Other Libraries (WorldCat) Other Databases (Google Scholar) Online Stores (Bookfinder.com) Open Library (openlibrary.org)

Exporting to Dublin Core...

SOUTHVILLE LIBRARY

Southville International School and Colleges Library

1281 Tropical Ave. Cor. Luxembourg St., BF Homes International, Las Pinas City

Tel. No. 8256374 / 252358 Loc. 117/146

Powered by Koha